| 000 | 00700nas a2200241 4500 | ||
|---|---|---|---|
| 001 | BR6900031 | ||
| 003 | BR-BrBNA | ||
| 005 | 20231205082255.0 | ||
| 007 | ta | ||
| 008 | 230509b bl.|||p| |||| 00| 00por d | ||
| 040 |
_aBR-BrBNA _bpor _cBiblioteca Nacional de Agricultura |
||
| 041 | _a(Pt) | ||
| 072 | _aH20 | ||
| 100 | 1 | _aSanchez Neira, P. | |
| 245 | 1 | _aA brusone na Colombia [Doenca de planta; Arroz; Piricularia oryzae] | |
| 650 | _aDoenca de planta | ||
| 650 | _aArroz | ||
| 650 | _aBrusone | ||
| 650 | _aColombia | ||
| 773 | 0 |
_tLavoura Arrozeira (Brazil) _xISSN 0023-9143 _g(May 1969), v. 22(249) p. 24-26 _wBR6900031 |
|
| 909 |
_a202311 _bLúcia _c55 _dLúcia Elande |
||
| 942 |
_2AGRIS _n0 _cANA |
||
| 999 |
_c90497 _d90497 |
||